SEBI TAKEOVER REGULATION (Record no. 27840)

MARC details
000 -LEADER
fixed length control field 00433nam a22001577a 4500
003 - CONTROL NUMBER IDENTIFIER
control field SGT
020 ## - INTERNATIONAL STANDARD BOOK NUMBER
International Standard Book Number 9788180386084
082 ## - DEWEY DECIMAL CLASSIFICATION NUMBER
Classification number 336.60
Item number VAY
100 ## - MAIN ENTRY--PERSONAL NAME
Personal name VAYTTADEN , SHISHIR
245 ## - TITLE STATEMENT
Title SEBI TAKEOVER REGULATION
Remainder of title BEING A COMMENTARY ON THE SEBI (SUBSTANTIAL ACQUISITION OF SHARES & TAKEOVER) REGULATION 1997
250 ## - EDITION STATEMENT
Edition statement 1
260 ## - PUBLICATION, DISTRIBUTION, ETC. (IMPRINT)
Place of publication, distribution, etc GURGAON
Name of publisher, distributor, etc LEXIS NEXIS
Year of Publication 2010
300 ## - PAGE DESCRIPTION
No. of Pages 1128
653 ## - KEYWORDS--INDEX TERM
Keyword term SEBI ,
942 ## - ADDED ENTRY ELEMENTS (KOHA)
Source of classification or shelving scheme Dewey Decimal Classification
Koha item type Books
Holdings
Withdrawn status Lost status Source of classification or shelving scheme Damaged status Not for loan Collection code Home library Current library Shelving location Date acquired Cost, normal purchase price SGTU Total Checkouts Full call number Accession No. (Barcode) Date last seen Bill Date Koha item type
    Dewey Decimal Classification     LAW SGT Science & Social Sciences Library SGT Science & Social Sciences Library Text Book 26/11/2024 1695.00 SGTU   336.60 VAY FL3521 26/11/2024 26/11/2024 Books